| 000 | 00858nam a2200229 a 4500 | ||
|---|---|---|---|
| 001 | 39048 | ||
| 003 | BD-RjUL | ||
| 005 | 20211209052915.0 | ||
| 008 | 160404m19981993BG ||||e |||| 00| 0 ben d | ||
| 020 |
_a9840737503 _cTk. 50.00 |
||
| 035 | _a(BD-RjUL)39159 | ||
| 040 |
_aBD-RjUL _bben _cBD-RjUL |
||
| 041 | _aben | ||
| 082 |
_223 _a320.014095492 _bRAB 1998 |
||
| 100 |
_aরফিক, আহমদ _9120529 |
||
| 245 | 1 | 0 |
_aভাষা আন্দোলনের স্মৃতি ও কিছু জিজ্ঞাসা / _cআহমদ রফিক |
| 260 |
_aঢাকা : _bবাংলা একাডেমী, _c১৯৯৮. |
||
| 300 |
_a[১০], ৯৭ পৃ. ; _c২১ সেমি. |
||
| 650 |
_aভাষা আন্দোলন _zবাংলাদেশ _9120530 |
||
| 650 |
_aLanguage Movement _zBangladesh _9120531 |
||
| 942 |
_2ddc _cBK |
||
| 999 |
_c39048 _d39048 |
||